Ancient, New, and Natural Wonders of the World - Statistics

General Stats
  • This quiz has been taken 57 times
  • The average score is 13 of 21
Answer Stats
Type Location Wonder % Correct
Ancient Egypt Great Pyramid of Giza
100%
New China Great Wall of China
91%
New Italy Colosseum
84%
New India Taj Mahal
84%
Ancient Iraq Hanging Gardens of Babylon
81%
New Jordan Petra
81%
New Peru Machu Picchu
79%
Natural Nepal/China Mount Everest
77%
Ancient Egypt Lighthouse of Alexandria
72%
Natural Australia Great Barrier Reef
67%
Ancient Greece Statue of Zeus at Olympia
67%
New Brazil Christ the Redeemer
63%
Ancient Greece Colossus of Rhodes
60%
Natural United States Grand Canyon
60%
Ancient Turkey Temple of Artemis at Ephesus
60%
Natural Zambia/Zimbabwe Victoria Falls
58%
New Mexico Chichen Itza
51%
Ancient Turkey Mausoleum at Halicarnassus
44%
Natural Brazil Harbor of Rio de Janeiro
14%
Natural Arctic/Antarctic Aurora Borealis
9%
Natural Mexico Paricutin
2%
No matching quizzes found
Score Distribution
Percent of People with Each Score
Percentile by Number Answered
Your Score History
You have not taken this quiz